000 00526nam a2200193Ia 4500
005 20240823035738.0
008 240823s9999||||xx |||||||||||||| ||und||
020 _a978-0-07-166662-6
041 _aENGLISH
082 _A005.8 Q0
100 _aJohnny Cache etal
245 0 _aHacking Exposed Wireless:Wireless Security Secrets and Solutions
250 _a2nd
260 _c2010
_b"Tata Mcgraw Hill,New"
500 _aTRANSFERED
650 _aWireless Security
_bInformation Technology
942 _cBK
999 _c201415
_d201415